Sanat - "En haluu kuolla tänä yönä" - Jenni Vartiainen - Statistics

Yleistilastot
  • Tätä visaa on pelattu 95 kertaa
    93 viimeisimmän päivityksen jälkeen
  • Keskiarvotulos 80 / 133
Vastaustilastot
Vastaus % Oikein
tänä
99%
yönä
99%
en
97%
haluu
97%
kuolla
97%
97%
ja
81%
ei
77%
jos
74%
ne
65%
on
65%
mut
61%
eivät
59%
sen
59%
silmät
59%
kiinni
58%
kuin
58%
makaamaan
58%
siihen
58%
vaan
58%
saan
57%
aukeekaan
55%
jäisin
54%
kun
54%
aina
52%
ennen
52%
Pelkään
52%
pyyntö
52%
panna
51%
raitistun
51%
se
51%
toive
51%
mulla
49%
pieni
49%
yksi
49%
et
48%
Lupaan
48%
Raamatun
48%
olis
46%
sanomaan
46%
enkä
45%
lukea
45%
nostaa
45%
saati
45%
kättä
43%
aamulla
42%
mun
41%
onnistuu
39%
vielä
39%
pystyy
38%
aikaa
36%
että
36%
varmasti
36%
voisi
35%
elämältä
33%
juuri
33%
maistumaan
33%
niin
33%
oisin
33%
pystyn
33%
tiedän
32%
valmis
32%
hyvä
30%
ihminen
30%
käynyt
30%
poistumaan
30%
täältä
30%
teen
30%
Olen
29%
parhaani
29%
pyyntöni
29%
meno
28%
rukouksen
28%
taakseni
25%
entinen
23%
jääköön
23%
kuulet
23%
lainkaan
23%
siis
23%
syntinen
23%
huominen
22%
miltä
22%
näyttää
22%
tämän
22%
kesken
20%
muuttumaan
20%
katsoo
16%
Annathan
9%
Ehtoja vastaavia visoja ei löytynyt
Tulosjakauma
Jokaisen tuloksen saaneiden osuus
Persentiili vastausten määrän mukaan
Tuloshistoriasi
Et ole pelannut tätä visaa sen viimeisimmän päivityksen jälkeen